000 00431nam a2200145Ia 4500
008 240729s9999 xx 000 0 und d
022 _a2783-4611
245 0 _aInternational Journal of Knowledge Processing Studies
260 _aIran, Islamic Republic of
260 _bAyande Amoozan -e- ATA (AAA)
650 _aTechnology
856 _uhttps://doaj.org/toc/0c9c4ec6f2f14fc99fbaaa8353d8d785
942 _2ddc
942 _cDOAJEJ
999 _c69112
_d69112
945 _a1
_bMadushi Gamage
_c1
_dMadushi Gamage